Seriál pre začínajúcich alebo menej skúsených účtovníkov účtovníctvo je reč čísiel v súvislostiach, premýšľajme o tom hlbšie...

Dejiny účtovníctva. Predmet, funkcie a členenie účtovníctva. Základné účtovné systémy - jednoduché a podvojné účtovníctvo. Účtovná závierka a súvaha ako súčasť účtovnej závierky - forma, usporiadanie a ostatné dôležité súvislosti.

Salvato in:
Dettagli Bibliografici
Autore principale: Cvečková, Mária
Natura: Capitolo di libro
Lingua:slovacco
Soggetti:
Tags: Aggiungi Tag
Nessun Tag, puoi essere il primo ad aggiungerne!!

MARC

LEADER 00000naa a2200000 4500
001 0278815
005 20211112074627.5
041 0 |a slo 
044 |a SK 
245 1 0 |a Seriál pre začínajúcich alebo menej skúsených účtovníkov  |b účtovníctvo je reč čísiel v súvislostiach, premýšľajme o tom hlbšie...  |c Mária Cvečková 
520 |a Dejiny účtovníctva. Predmet, funkcie a členenie účtovníctva. Základné účtovné systémy - jednoduché a podvojné účtovníctvo. Účtovná závierka a súvaha ako súčasť účtovnej závierky - forma, usporiadanie a ostatné dôležité súvislosti. 
610 2 0 |a účtovníctvo 
610 2 0 |a história 
610 2 0 |a systémy účtovné 
610 2 0 |a účtovníctvo jednoduché 
610 2 0 |a účtovníctvo podvojné 
610 2 0 |a závierka účtovná 
610 2 0 |a súvaha 
100 1 |a Cvečková, Mária